000 00526cam a22002171 4500
001 sa 63001308
003 DLC
005 20260227111926.0
008 900103s1962 ii 000 0 tamo
010 _asa 63001308
035 _a(OCoLC)20841922
040 _aDLC
_cWaU
_dDLC
042 _apremarc
050 0 0 _aDS432.T3
_bC4
100 0 _aCentur̲aimuttu.
245 1 0 _aTamil̲akattin̲ kar̲pukkaracikaḷ.
260 _c[1962]
300 _a187 p.
_c18 cm.
500 _aIn Tamil.
650 0 _aTamil (Indic people)
999 _c53904
_d53904